000 00470nab a2200145Ia 4500
003 ES-SlBCS
005 20210601125231.0
008 140529s1973 xxu||||| |||| 00| 0 eng d
041 _aeng
100 1 _aMorris, Bertram
_9155761
245 0 0 _aGauthier on Hobbes' Moral and Political Philosophy
_c Bertram Morris
600 1 _aGauthier, David P.-Hobbes
_9155762
773 0 _tPhilosophy and Phenomenological Research
_gvol. 33, 1973, págs. 387-392
_wRev1411
942 _cAR
999 _c526956
_d526956